| 000 | 01542cam a2200409La 4500 | ||
|---|---|---|---|
| 001 | 4250296 | ||
| 003 | ARRUPE | ||
| 005 | 20140204144245.0 | ||
| 006 | m u | ||
| 007 | cr cn- | ||
| 008 | 020417s2001 nyu sb s001 0 eng d | ||
| 020 | _a0791449416 (electronic bk.) | ||
| 035 | _a(OCoLC)49852547 | ||
| 035 | _a(OCoLC)ocm49852547 | ||
| 035 | _a(N$T)ocm49852547 | ||
| 035 | _a(NNC)4250296 | ||
| 040 |
_aN$T _cN$T _dOCLCQ |
||
| 043 | _aa-kr--- | ||
| 050 | 1 | 4 |
_aBR1327 _b.C48 2001eb |
| 082 | 0 | 4 |
_a275.19082 _221 |
| 100 | 1 |
_aChung, David, _d1917- _97855 |
|
| 245 | 1 | 0 |
_aSyncretism _h[electronic resource] : _bthe religious context of Christian beginnings in Korea / _cDavid Chung ; edited by Kang-nam Oh. |
| 260 |
_aAlbany : _bState University of New York Press, _cc2001. |
||
| 300 |
_axiii, 263 p. ; _c24 cm. |
||
| 490 | 1 | _aSUNY series in Korean studies | |
| 504 | _aIncludes bibliographical references (p. 221-235) and index. | ||
| 533 |
_aElectronic reproduction. _bBoulder, Colo. : _cNetLibrary, _d2002. _nAvailable via World Wide Web. _nAccess may be limited to NetLibrary affiliated libraries. |
||
| 651 | 0 |
_aKorea _xChurch history. _97856 |
|
| 655 | 7 |
_aElectronic books. _2local _97857 |
|
| 700 | 1 |
_aO, Kang-nam, _d1941- _97858 |
|
| 710 | 2 |
_aNetLibrary, Inc. _912 |
|
| 776 | 1 |
_cOriginal _z0791449416 _w(DLC) 00041985 |
|
| 830 | 0 |
_aSUNY series in Korean studies. _97859 |
|
| 856 | 4 |
_uhttp://www.columbia.edu/cgi-bin/cul/resolve?clio4250296 _zClick here for full text. |
|
| 942 |
_2lcc _cMONOGRAPH |
||
| 999 |
_c119917 _d119917 |
||